000 00853nam a22002417a 4500
005 20250416134031.0
008 250416b |||||||| |||| 00| 0 eng d
020 _a978-81-19857-11-1 (pbk)
037 _cTB
040 _aCRL
_cCRL
041 _2pun
_apun
084 _aO153,1NCHx R4
_qCRL
100 _aਚੌਹਾਨ, ਗੁਰਦੇਵ ਸਿੰਘ
245 _aਵਾਟਿਕਾ
260 _aਪਟਿਆਲਾ, ਭਾਰਤ:
_bਔਟਉਮੰ ਆਰਟ,
_c2024.
300 _a155 ਪ.
365 _b200.00
_cINR
650 _aਸਾਹਿਤ
650 _aਪੰਜਾਬੀ ਸਾਹਿਤ
650 _aਪੰਜਾਬੀ ਕਾਵਿ
942 _2CC
_cTB
_hO153,1NCHx R4
_n0
999 _c1309055
_d1309055